Importancia de la reforestación de la ceja de montaña o selva alta, con especies forestales valiosas como la Araucaria Angustifolia O. Kuntze / (Record no. 20762)

000 -CABECERA
fixed length control field 00796nam a22002177a 4500
003 - IDENTIFICADOR DEL NÚMERO DE CONTROL
control field AR-CdUCM
008 - DATOS DE LONGITUD FIJA--INFORMACIÓN GENERAL
fixed length control field 190605b ||||| |||| 00| 0 spa d
040 ## - FUENTE DE LA CATALOGACIÓN
Agencia/entidad que catalogó originalmente la obra MUNICIPALIDAD PROVINCIAL DEL CUSCO
Entidad que transcribió la catalogación BIBLIOTECA MUNICIPAL DEL CUSCO
082 ## - NÚMERO DE LA CLASIFICACIÓN DECIMAL DEWEY
No. de Clasificación 630.72/
Notacion interna SA18
100 ## - ENTRADA PRINCIPAL--NOMBRE DE PERSONA
Nombre Personal Saldivar Acuña, Efraín
245 ## - MENCIÓN DE TÍTULO
Título Importancia de la reforestación de la ceja de montaña o selva alta, con especies forestales valiosas como la Araucaria Angustifolia O. Kuntze /
260 ## - PUBLICACIÓN, DISTRIBUCIÓN, ETC.
Lugar de publicación, distribución, etc. Cusco :
Nombre de la editorial, distribuidor, etc. Cusco agronómico,
Fecha de publicación, distribución, etc. 1965.
300 ## - DESCRIPCIÓN FÍSICA
Nº de Páginas Extensión 7 páginas ;
Dimensiones 26 cm.
440 ## - MENCIÓN DE SERIE/PUNTO DE ACCESO ADICIONAL--TÍTULO
Título Cuzco agronómico
9 (RLIN) 43361
505 ## - NOTA DE CONTENIDO CON FORMATO
Nota de contenido formateada Contenido : Descripción del árbol -- cultivo...
650 ## - PUNTO DE ACCESO ADICIONAL DE MATERIA--TÉRMINO DE MATERIA
Descriptor Reforestación
9 (RLIN) 20236
650 ## - PUNTO DE ACCESO ADICIONAL DE MATERIA--TÉRMINO DE MATERIA
Descriptor Especies forestales
9 (RLIN) 43362
942 ## - ELEMENTOS DE PUNTO DE ACCESO ADICIONAL (KOHA)
Fuente de clasificación
Tipo de item Libros-BMC
945 ## - PROCESAMIENTO DE INFORMACIÓN LOCAL (OCLC)
Catalogador rcc
Holdings
Estado de retiro (separado) Fuente de clasificación o esquema de estanterías Estado dañado Ubicación Sala donde se ubica Nombre de la colección Fecha de adquisición o compra Costo, precio normal en soles Signatura topográfica Código de Barras Última vez visto (Koha) Tipo de ítem (Koha)
No     Sala Ciencias Sala Ciencias Book Cart 2019-06-05 25.00 630.72/ SA18 SC0000002000 2019-06-05 Libros-BMC

Powered by Koha